Livland und seine Werwölfe
| Titel: | Livland und seine Werwölfe : Ethnizität und Monstrosität an der europäischen Peripherie, 1550-1700 |
|---|---|
| Verfasser: | |
| In: |
Mitteilungen aus baltischem Leben, Band 54, Heft 1 (220) (2008), Seite 6-7, Abb. alle Artikel anzeigen |
| Veröffentlicht: | 2008 |
| Format: | Aufsatz |
| Sprache: | Deutsch |
X
alg: 39228619 001A $01999:11-11-16 001B $06050:21-01-26 $t15:57:05.000 001C $06050:19-11-16 $t09:18:42.000 001D $01999:11-11-16 001U $0utf8 001X $00 002@ $0Aox 003@ $039228619X 007A $039228619X $aHEB 007T $0Herdc0063385m 010@ $ager 011@ $a2008 021A $aLivland und seine Werwölfe $dEthnizität und Monstrosität an der europäischen Peripherie, 1550-1700 028A $aDonecker $dStefan 031A $d54 $e1 (220) $h6-7, Abb. $j2008 039B $aIn $8--Abvc--. Mitteilungen aus baltischem Leben. - Darmstadt : Dt.-Baltische Ges., 1961-. - ISSN 0026-6833 $x200800000540001994 $9047862173 045F $a390.094798 $eDDC23BSB 045F/01 $a390 045F/03 $g4798 045F/03 $g4796 045T $a7,44 045T $aOST $qDE-12 $2FID lok: 39228619 78 exp: 39228619 78 1 #EPN 201B/01 $001-03-19 $t22:51:40.000 201U/01 $0utf8 203@/01 $0788382748 208@/01 $a11-11-16 $be 209A/01 $a/ $f000 $x00 220C/01 $aTitelaufnehmer: kk 220C/01 $aHerkunft: HI Marburg 244Z/01 $2Trx $#Estija $#Igaunija $#Estland $#Estonia $#Estonia $#Estónsko $#Estonsko $8--Trx--Eesti $x01 $9391237225 244Z/01 $2Trx $#Latvija $#Lettland $#Łotwa $#Lotyšsko $8--Trx--Latvija $x02 $9391275879 244Z/01 $#Liivimaa $#Vidzeme $#Livonija $#Vidzeme $#Livonia $#Inflanty $74036075-1 $8--Tg1--Livland $x03 $9085097721 244Z/01 $aGeschichte 1550-1700 $x04 244Z/01 $2Trx $#Månsson, Olof $8--Trx--Magnus, Olaus$Z1490-1557 $x05 $9390615390 244Z/01 $2Trx $#etnograafia üldine $#etnografija bendras $#ethnography general $#néprajz általános $#etnografia ogólnie $#etnografia všeobecne $#etnografie všeobecně $#Ethnographie $#kultura ludowa $#národopis $#národopis $#kultura lidová $8--Trx--Volkskunde$gallgemein $x06 $9391362054 244Z/01 $2Trx $#Ebausk $#prietarai $#Superstition $#babona $#przesądy $#povery $#pověry $8--Trx--Aberglaube $x07 $9391354094 244Z/01 $2Trx $#rahvagruppid ja rahvused $#tautinės ir etninės grupės $#ethnic groups $#népcsoportok és nemzetiségek $#grupy narodowościowe i etniczne $#národnosti a etniká $#skupiny etnické a etnika $#Ethnien $#etniká $8--Trx--Volksgruppen und Ethnien $x08 $9391376373 244Z/01 $2Trx $8--Trx--Zeitschriftenaufsatz $x09 $9391384341 245Z/01 $a11.02 $x01 247C/01 $82080>Marburg/Lahn, Herder-Institut, Forschungsbibliothek, Bibliographieportal $9336309341
| LEADER | 00000caa a22000002c 4500 | ||
|---|---|---|---|
| 001 | 39228619X | ||
| 003 | DE-603 | ||
| 005 | 20260121155705.0 | ||
| 007 | tu | ||
| 008 | 161111s2008 xx |||| | u00||u|ger c | ||
| 035 | |a (DE-599)HEB39228619X | ||
| 040 | |a DE-603 |b ger |c DE-603 |d DE-603 | ||
| 041 | |a ger | ||
| 082 | 0 | 4 | |8 1\u |a 390.094798 |q DE-101 |2 23/BSB |
| 084 | |a 7,44 |2 ssgn | ||
| 084 | |a OST |q DE-12 |2 fid | ||
| 085 | |8 1\u |b 390 | ||
| 085 | |8 1\u |z 2 |s 4798 | ||
| 085 | |8 1\u |z 2 |s 4796 | ||
| 100 | 1 | |a Donecker, Stefan | |
| 245 | 0 | 0 | |a Livland und seine Werwölfe |b Ethnizität und Monstrosität an der europäischen Peripherie, 1550-1700 |
| 264 | 0 | |c 2008 | |
| 773 | 0 | 8 | |i In |t Mitteilungen aus baltischem Leben |d Darmstadt : Dt.-Baltische Ges., 1961- |h 30 cm |x 0026-6833 |g Band 54, Heft 1 (220) (2008), Seite 6-7, Abb. |w (DE-603)047862173 |w (DE-600)557583-7 |
| 924 | 0 | |9 2080 |a (DE-603)788382748 |b DE-2080 |c HES |d d |g / | |


